DELE A1 Preparación. Nueva versión: Audio descargable + Claves y transcripciones / Keys and transcripts included (Preparación para exámenes DELE) (Spanish Edition)

Saved in:
Bibliographic Details
Main Author: Helder Vega Vásquez
Format: Unknown
Tags: Add Tag
No Tags, Be the first to tag this record!
Call Number :

MARC

LEADER 00000 a2200000 4500
001 107905
020 |a 9798417008306 
040 |a MY-KlNDU  |b eng  |c MY-KlNDU  |e rda 
100 |a Helder Vega Vásquez 
110 |a Helder Vega Vásquez 
245 |a DELE A1 Preparación. Nueva versión: Audio descargable + Claves y transcripciones / Keys and transcripts included (Preparación para exámenes DELE) (Spanish Edition) 
336 |a text  |b  \2 rdacontent 
337 |a unmediated  |b  \2 rdamedia 
338 |a volume  |b  \2 rdacarrier 
942 |c 43 
999 |c 107905  |d 107905